000 00680cam a2200229 a 4500
001 ca 26000012
003 DLC
005 20260227111116.0
008 830506s1924 ksu 000 0 eng
010 _aca 26000012
040 _aDLC
_cDLC
_dDLC
050 1 0 _aE99.D1
_bS36
050 0 0 _aMicrofilm 57176 E
051 _aAC1
_b.L8 no. 756
100 1 _aSeymour, Flora Warren,
_d1888-1948.
245 1 4 _aThe story of the Sioux Indians /
_cFlora Warren Seymour.
260 _aGirard, Kan. :
_bHaldeman-Julius Co.,
_cc1924.
300 _a64 p. ;
_c13 cm.
440 0 _aLittle blue book ;
_vno. 756
500 _aPublisher's advertisements on p. 63-64.
650 0 _aDakota Indians.
999 _c16121
_d16121